Материалы VI Югорских чтений "Героический эпос обских угров: наследие и современность", посвященных 185-летию А. Регули, 130-летию А. Каннисто и 85-летию Э. Вертеш (Ханты-Мансийск, 12 мая 2004 г.) (Запись № 11316796)

Подробности
000 -МАРКЕР
контрольное поле 02587nam0a2200385 4500
001 - ИДЕНТИФИКАТОР ЗАПИСИ
контрольное поле RU\NLR\BIBL_A\011686703
005 - ИДЕНТИФИКАТОР ВЕРСИИ
контрольное поле 20260408125929.0
010 ## - МЕЖДУНАРОДНЫЙ СТАНДАРТНЫЙ НОМЕР КНИГИ (ISBN)
Номер (ISBN) 5-7974-01-003
Тираж 500
035 ## - ДРУГИЕ СИСТЕМНЫЕ НОМЕРА
Идентификатор записи (NLR Aleph) 011686703
100 ## - ДАННЫЕ ОБЩЕЙ ОБРАБОТКИ
Данные общей обработки 20180423d2005 |||y0rusy50 ca
101 0# - ЯЗЫК РЕСУРСА
Язык текста, звукозаписи и т.д. русский
-- не определено
102 ## - СТРАНА ПУБЛИКАЦИИ ИЛИ ПРОИЗВОДСТВА
Страна публикации Российская Федерация
105 ## - ПОЛЕ КОДИРОВАННЫХ ДАННЫХ: ТЕКСТОВЫЕ МАТЕРИАЛЫ, МОНОГРАФИЧЕСКИЕ
Кодированные данные о монографическом текстовом документе y|||z|||100zy
200 1# - ЗАГЛАВИЕ И СВЕДЕНИЯ ОБ ОТВЕТСТВЕННОСТИ
Основное заглавие Материалы VI Югорских чтений "Героический эпос обских угров: наследие и современность", посвященных 185-летию А. Регули, 130-летию А. Каннисто и 85-летию Э. Вертеш (Ханты-Мансийск, 12 мая 2004 г.)
Сведения, относящиеся к заглавию [сборник научных статей]
Первые сведения об ответственности Правительство Ханты-Мансийского автономного округа, Департамент по вопосам малочисленных народов Севера, Научно-исследовательский институт угроведения
210 ## - ПУБЛИКАЦИЯ, РАСПРОСТРАНЕНИЕ И ДР.
Место издания, распространения и т.д. Москва
Имя издателя, распространителя и т. д. Икар
Дата издания, распространения и т.д. 2005
215 ## - ФИЗИЧЕСКАЯ ХАРАКТЕРИСТИКА
Специфическое обозначение материала и объем 146, [2] с.
Размеры 21
300 ## - ОБЩИЕ ПРИМЕЧАНИЯ
Текст примечания Загл. обл.: Материалы VI Югорских чтений "Героический эпос обских угров: наследие и современность", Ханты-Мансийск, 12 мая 2004 г.
300 ## - ОБЩИЕ ПРИМЕЧАНИЯ
Текст примечания Часть текста на нац. диалектах
320 ## - ПРИМЕЧАНИЯ О НАЛИЧИИ В ДОКУМЕНТЕ БИБЛИОГРАФИИ / УКАЗАТЕЛЯ
Текст примечания Библиогр. в конце ст.
512 1# - ЗАГЛАВИЕ ОБЛОЖКИ
Заглавие обложки Загл. обл.: Материалы VI Югорских чтений "Героический эпос обских угров: наследие и современность", Ханты-Мансийск, 12 мая 2004 г.
606 1# - НАИМЕНОВАНИЕ ТЕМЫ КАК ПРЕДМЕТ
Наименование темы Героический эпос мансийский
Формальный подзаголовок Съезды, совещания и т.п.
Системный номер авторитетной/нормативной записи 2623240
Идентификатор авторитетной/нормативной записи RU\NLR\AUTH\661559800
606 1# - НАИМЕНОВАНИЕ ТЕМЫ КАК ПРЕДМЕТ
Наименование темы Героический эпос хантыйский
Формальный подзаголовок Съезды, совещания и т.п.
Системный номер авторитетной/нормативной записи 2096633
Идентификатор авторитетной/нормативной записи RU\NLR\AUTH\661572020
686 1# - ИНДЕКСЫ ДРУГИХ КЛАССИФИКАЦИЙ
Индекс Т52(251.1=Ха)-7я431
686 1# - ИНДЕКСЫ ДРУГИХ КЛАССИФИКАЦИЙ
Индекс Ш3(251.1=Ма)-611я431
686 1# - ИНДЕКСЫ ДРУГИХ КЛАССИФИКАЦИЙ
Индекс Ш3(251.1=Хан)-611я431
702 #1 - ИМЯ ЛИЦА - ВТОРИЧНАЯ ОТВЕТСТВЕННОСТЬ
Начальный элемент ввода Регули
Часть имени, кроме начального элемента ввода А.
Даты 1819-1858
Расширение инициалов личного имени Антал
Код отношения Прочие
702 #1 - ИМЯ ЛИЦА - ВТОРИЧНАЯ ОТВЕТСТВЕННОСТЬ
Начальный элемент ввода Вертеш
Часть имени, кроме начального элемента ввода Э.
Код отношения Прочие
710 12 - НАИМЕНОВАНИЕ ОРГАНИЗАЦИИ - ПЕРВИЧНАЯ ОТВЕТСТВЕННОСТЬ
Начальный элемент ввода Югорские чтения
Порядковый номер временной организации и / или порядковый номер ее части 6
Дата проведения временной организации 2004
Место проведения временной организации Ханты-Мансийск
Идентификатор авторитетной/нормативной записи RU\NLR\AUTH\880469518
Системный номер авторитетной/нормативной записи 600938
942 ## - ДОПОЛНИТЕЛЬНЫЕ ЭЛЕМЕНТЫ ЗАПИСИ (АБИС)
Тип экземпляра АБИС Книга
980 ## - КОЛЛЕКЦИЯ
Название коллекции Национальная библиография
Экземпляры
Тип экземпляра Дата поступления Источник поступления Стоимость Библиотека постоянного хранения Библиотека текущего хранения Место хранения Шифр хранения Штрих-код Статус экземпляра
Книга 23.04.2018 Дар 150.00 РНБ (Московский) РНБ (Московский) Русский книжный фонд: издания с 1957 года 2018-3/11415 1-996859